LEADER 00988nam a2200241 a 4500 001 000000015814 003 CaOOAMICUS 005 20130930123653.0 008 941215s1909 it u000 u ita u 035 $a10369754 040 $aPUL(R)$bita 100 1 $aDucati, Bruno.$0(OLS)http://pul/name/14460 245 10$aCompendio di diritto musulmano secondo i quattro riti fondamentali. 260 $aBologna :$bCoop. tip. Azzoguidi,$c1909. 300 $a89 p. ;$c25 cm 504 $aBibliografia a pič pagina. 650 4$aDiritto islamico.$0(OLS)http://pul/subject/490 850 $aPUL 852 $aPUL$W1$xDP2 Diritto e Scienze Sociali 1$y65$m210 E 6$j22235$nBK-PRI$qStampati$B22235$CPULBib$Z2$F22235 $82 941 1 $a8 961 $aEx libris: Evaristi Carusi.Timbri: Biblioteca Carusi. 996 $6245$aCompendio di diritto musulmano secondo i quattro riti fondamentali$9(OLS)http://pul/title/22639 996 $6260$aBologna :$bCoop. tip. Azzoguidi$9(OLS)http://pul/publisher/54841 LEADER 00817naa a2200217 u 4500 001 000000093189 003 CaOOAMICUS 005 20070226130132.0 008 010621s1929 fr u000 u fre u 035 $a10893513 040 $aPUL(R)$bita 100 1 $aArminjon, Pierre.$0(OLS)http://pul/name/29316 245 12$aL'object et la méthode du droit international privé /$cpar P. Arminjon. 260 $a[S. l. :$bs. n.],$c1929. 300 $aP. [429-509] 504 $aBibliografia in nota. 650 4$aDiritto internazionale privato.$0(OLS)http://pul/subject/2921 773 0 $tRecueil des cours$gv.I (1928) 773 0 $tRecueil des cours 1928$w()59478 996 $6245$aL'object et la méthode du droit international privé$9(OLS)http://pul/title/120065 996 $6260$a[S. l. :$bs. n.]$9(OLS)http://pul/publisher/47882